LEADER 00881nam0-22003011i-450- 001 990006998580403321 005 20050916144653.0 010 $a0-19-815018-0 035 $a000699858 035 $aFED01000699858 035 $a(Aleph)000699858FED01 035 $a000699858 100 $a20011120d1996----km-y0itay50------ba 101 0 $aeng 102 $aUS 105 $aa-------001yy 200 1 $aAncestor masks and aristocratic power in Roman culture$fHarriet I. Flower 210 $aOxford$cClarendon Press$d1996 215 $aXVII, 411 p.$cill.$d22 cm 676 $a393.9$v20$zita 700 1$aFlower,$bHarriet I.$0257477 801 0$aIT$bUNINA$gRICA$2UNIMARC 901 $aBK 912 $a990006998580403321 952 $aDirez. F-036$b3283 ddr$fDDR$m21-1373 959 $aDDR 996 $aAncestor masks and aristocratic power in Roman culture$9698802 997 $aUNINA LEADER 01037nam a2200253 i 4500 001 991004358032607536 005 20241216102408.0 008 241216s1974 it a fr f 001 0 ita d 040 $aBibl. Dip.le Aggr. Ingegneria Innovazione - Sez. IngegneriaInnovazione$beng$cSocioculturale Scs 041 0 $aita 082 04$a512.7$223 100 1 $aOrecchia, Gioacchino$0350609 245 10$aNumeri complessi /$cGioacchino Orecchia, Salvatore Spataro 260 $aMilano :$bTecnos,$c1974 300 $a50 p. :$bill. ;$c22 cm 490 1 $aEsami ;$v10 500 $aOn cover: 100 esercizi sufficienti per acquistare la pratica necessaria sui numeri complessi nelle loro quattro forme e per meglio fissare i concetti ... 650 4$aNumbers, Complex$vHandbooks, manuals, etc. 650 4$aNumbers, Complex$vProblems, exercises, etc. 700 1 $aSpataro, Salvatore$eauthor$4http://id.loc.gov/vocabulary/relators/aut$060149 830 0$aEsami ;$v10 912 $a991004358032607536 996 $aNumeri complessi$9987212 997 $aUNISALENTO